00483nam a2200145 a 4500008004100000020001800041050001500059100001800074245009400092260003800186300003500224650004000259700001600299700002200315190822s2012 ||||||||||||||||| || u a9781408064221 aTL 152 Ham aBrown, Julian10aVehicle maintenance and repair : Level 1cBy Patrick Hamilton ; John Rooke ; Julian Brown aHampshirebCengage Learningc2012 axii, 259 pages : illustrations aAUTOMOBILES--MAINTENANCE AND REPAIR aRooke, John aHamilton, Patrick